Orchestrální skladby

Hlavní autor: Honegger, Arthur, 1892-1955
Korporativní autor: Česká filharmonie
Další autoři: Baudo, Serge, 1927-
Jazyk: Čeština
Vydáno: Praha : Supraphon, 1964
Edice: Gramofonový klub
Témata:
Fyzický popis: 1 LP deska : 33 ot/min ; 30 cm
Zvukové nahrávky
Uloženo v:
LEADER 01483njm a2200409 a 4500
001 000251374
003 CZ BrMZK
005 19950101143423.0
008 950101s1964 xr f cze d
028 0 3 |a DV 5984  |b Supraphon 
040 |a BOA001  |b cze 
080 |a 785.11"19"(086.7)  |2 MRF 
080 |a 78.082.1"19"(086.7)  |2 MRF 
100 1 |a Honegger, Arthur,  |d 1892-1955  |7 jn19990003640  |4 cmp 
245 1 0 |a Orchestrální skladby  |h [zvukový záznam] /  |c Arthur Honegger. 
246 3 3 |a Zpěv radosti 
246 3 3 |a Letní pastorále 
246 3 3 |a Pacific 231 
246 3 3 |a Symfonie č. 5, Di tre re 
260 |a Praha :  |b Supraphon,  |c 1964 
300 |a 1 LP deska :  |b 33 ot/min ;  |c 30 cm 
306 |a 002115  |a 002120 
490 1 |a Gramofonový klub : základní řada 
500 |a Durata 21:15, 21:20 
500 |a Nahr. 1963 
505 2 |a Pacific 231, Letní pastorale, Zpěv radosti ... [et al.] 
511 0 |a Česká filharmonie, dir. Serge Baudo 
653 0 |a symfonické básně  |a symfonický orchestr  |a symfonie 
700 1 |a Baudo, Serge,  |d 1927-  |7 jn20000600661  |4 cnd 
710 2 |a Česká filharmonie  |7 kn20010710169  |4 prf 
830 0 |a Gramofonový klub 
910 |a BOA001  |b LP-0005.181 
964 |a Orchestr symfonický  |z stol.20.,pol.1.  |x LP 
964 |a Symfonie  |z stol.20.,pol.1.  |x LP 
964 |a Básně symfonické  |z stol.20.,pol.1.  |x LP 
990 |a AV 
996 6 |b 261H005355  |c LP-0005.181  |l MZK  |r Sklad / do 24 hodin  |n 0  |p kup  |w 000251374  |u 000010  |a 1  |e BOA001  |j MZK50  |s P